| 000 | 00938nam a2200277Ia 4500 | ||
|---|---|---|---|
| 008 | 130821s1989 ck a gr spa | ||
| 020 | _a9580470219 | ||
| 020 | _a9789580470212 | ||
| 040 |
_aCo-BoUCM _bspa |
||
| 041 | 0 | 0 | _aspa |
| 100 | 1 |
_aPool, John Charles _9168174 |
|
| 245 | 1 | 0 |
_aCómo comprender los conceptos básicos de la economía _cJohn Charles Pool, Ross M. LaRoe ; traducción de Gisela Wulfers de Rosas |
| 260 |
_aBogotá (Colombia) _bNorma _c1989 |
||
| 300 |
_a118 páginas _bilustraciones |
||
| 490 | 0 | _aGerencia | |
| 650 | 0 | 4 |
_aCapitalismo _910463 |
| 650 | 0 | 4 |
_aEconomía _9174 |
| 650 | 0 | 4 |
_aEconomía _xHistoria _933748 |
| 650 | 0 | 4 |
_aMacroeconomía _918838 |
| 650 | 0 | 4 |
_aMicroeconomía _919488 |
| 700 | 1 |
_aLaRoe, Ross M. _9168175 |
|
| 700 | 1 |
_aWulfers Rosas de, Gisela _etrad. _9168176 |
|
| 765 | 0 | _tThe instant economist | |
| 942 |
_cLIBRO _a7 _e1 _mP821b _2DEWEY _h330.01 |
||
| 999 |
_c72223 _d72223 |
||